[Event "CAN-ch U14"]
[Site "Quebec"]
[Date "2018.07.03"]
[Round "4.36"]
[White "Ahmed, Syed Ibrahim"]
[Black "Wu, Tony"]
[Result "1/2-1/2"]
[WhiteElo "1493"]
[BlackElo "1883"]
[PlyCount "170"]
[EventDate "2018.07.02"]
[EventType "swiss"]
[EventRounds "7"]
[EventCountry "CAN"]
[SourceTitle "EXT 2022"]
[Source "ChessBase"]
[SourceDate "2021.10.06"]
[SourceVersion "1"]
[SourceVersionDate "2021.10.06"]
[SourceQuality "1"]

1. c4 Nf6 2. Nc3 e6 3. Nf3 Bb4 4. g3 b6 5. Bg2 Bb7 6. 0-0 Bxc3 7. bxc3 0-0 8. d3 d6 9. Rb1 Nbd7 10. Re1 e5 11. Nxe5 Bxg2 12. Nxd7 Qxd7 13. Kxg2 h6 14. e4 Rfe8 15. h3 Rad8 16. Qf3 Qa4 17. Bxh6 Re6 18. Bg5 Qa5 19. Bxf6 Rxf6 20. Qe3 Qxc3 21. Rec1 Qa3 22. Rc2 a6 23. f4 Re6 24. f5 Re5 25. g4 Rde8 26. Rb3 Qa4 27. h4 Qc6 28. Rf2 Qd7 29. Qg3 b5 30. cxb5 axb5 31. g5 d5 32. exd5 Qxd5+ 33. Qf3 Rxf5 34. Qxd5 Rxd5 35. Rc2 Rc8 36. Kf3 c6 37. Re2 Rcd8 38. Re3 Ra8 39. a3 Kh7 40. Kg4 Ra4+ 41. Re4 Rad4 42. h5 f5+ 43. gxf6 gxf6 44. Rxd4 Rxd4+ 45. Kf5 Rd6 46. Rc3 Kh6 47. d4 Kg7 48. Rg3+ Kh7 49. Rg4 Kh6 50. Rg6+ Kxh5 51. Rxf6 Rxd4 52. Rxc6 Ra4 53. Rc3 Kh6 54. Rb3 Kg7 55. Ke6 Kf8 56. Kd7 Ra7+ 57. Kc6 Ke8 58. Rd3 Rh7 59. Kxb5 Rd7 60. Rc3 Kd8 61. Kb6 Rd6+ 62. Kb7 Rd7+ 63. Kb8 Rd4 64. Rh3 Kd7 65. Rc3 Ra4 66. Kb7 Kd6 67. Kb6 Kd7 68. Kb5 Ra8 69. Kb6 Ra4 70. Rc7+ Kd8 71. Rc3 Kd7 72. Kb7 Rd4 73. Rc1 Kd8 74. Ra1 Rd7+ 75. Kb8 Rd3 76. a4 Rb3+ 77. Ka7 Rc3 78. a5 Kc7 79. a6 Rc6 80. Rb1 Kc8 81. Rh1 Rc2 82. Rh7 Rc7+ 83. Rxc7+ Kxc7 84. Ka8 Kc8 85. a7 Kc7 1/2-1/2

[Event "CAN-ch U14"]
[Site "Quebec"]
[Date "2018.07.02"]
[Round "3.28"]
[White "Wu, Tony"]
[Black "Rodrigue Lemieux, Shawn"]
[Result "0-1"]
[WhiteElo "1883"]
[BlackElo "2344"]
[PlyCount "80"]
[EventDate "2018.07.02"]
[EventType "swiss"]
[EventRounds "7"]
[EventCountry "CAN"]
[SourceTitle "EXT 2022"]
[Source "ChessBase"]
[SourceDate "2021.10.06"]
[SourceVersion "1"]
[SourceVersionDate "2021.10.06"]
[SourceQuality "1"]

1. d4 Nf6 2. Nf3 e6 3. g3 d5 4. Bg2 Be7 5. 0-0 0-0 6. c4 dxc4 7. Qc2 a6 8. Qxc4 b5 9. Qc2 Bb7 10. Bd2 Nbd7 11. Ba5 Bd6 12. Nbd2 Rc8 13. Ng5 Bxg2 14. Kxg2 Qe7 15. Nge4 c5 16. Nxf6+ Nxf6 17. dxc5 Rxc5 18. Qd3 Rd5 19. Qf3 Bb4 20. Bxb4 Qxb4 21. Nb3 Rf5 22. Qd3 Qg4 23. f3 Qg6 24. e4 Rg5 25. Qe3 e5 26. Qb6 h5 27. Kh3 h4 28. Qf2 Nh5 29. f4 hxg3 30. hxg3 Rxg3+ 31. Kh2 Qg4 32. Qxg3 Qxg3+ 33. Kh1 Nxf4 34. Rxf4 exf4 35. Rf1 f3 36. Rxf3 Qxf3+ 37. Kg1 Rd8 38. Nd4 Rxd4 39. a4 Rd1+ 40. Kh2 Rh1# 0-1

[Event "CAN-ch U12"]
[Site "Windsor"]
[Date "2016.07.05"]
[Round "1.73"]
[White "Wu, Tony"]
[Black "Makarczyk, David"]
[Result "1-0"]
[WhiteElo "1769"]
[BlackElo "1215"]
[PlyCount "103"]
[EventDate "2016.07.05"]
[EventType "swiss"]
[EventRounds "7"]
[EventCountry "CAN"]
[SourceTitle "EXT 2022"]
[Source "ChessBase"]
[SourceDate "2021.10.06"]
[SourceVersion "1"]
[SourceVersionDate "2021.10.06"]
[SourceQuality "1"]

1. d4 d5 2. Nf3 Nf6 3. g3 c5 4. Bg2 Nc6 5. 0-0 e6 6. c4 dxc4 7. dxc5 Qxd1 8. Rxd1 Bxc5 9. Nbd2 0-0 10. Nxc4 b5 11. Nd6 Rd8 12. Bf4 Nd5 13. Nxb5 Nxf4 14. gxf4 Bb7 15. Rdc1 Bb6 16. Ne5 Nxe5 17. Bxb7 Rab8 18. fxe5 Rxb7 19. Nd6 Rbd7 20. e3 h6 21. Rc6 Kf8 22. Rac1 f6 23. Nc4 Rd1+ 24. Rxd1 Rxd1+ 25. Kg2 Rc1 26. Rc8+ Ke7 27. Nxb6 Rxc8 28. Nxc8+ Kd7 29. exf6 gxf6 30. Nxa7 Kc7 31. Nb5+ Kc6 32. Nd4+ Kd5 33. a4 e5 34. Nc2 Kc4 35. a5 Kb5 36. b4 Ka6 37. Na3 Ka7 38. b5 Kb7 39. a6+ Kb6 40. Nc4+ Ka7 41. e4 h5 42. h4 Kb8 43. b6 Ka8 44. b7+ Kb8 45. Na5 Ka7 46. Nc6+ Kxa6 47. b8Q f5 48. Nxe5 f4 49. Nd7 f3+ 50. Kxf3 Ka5 51. Qb3 Ka6 52. Qb6# 1-0